Cell Cycle Control (Record no. 7038)

MARC details
000 -LEADER
fixed length control field 01208pam a2200313 a 4500
001 - CONTROL NUMBER
control field 1599371
003 - CONTROL NUMBER IDENTIFIER
control field OSt
005 - DATE AND TIME OF LATEST TRANSACTION
control field 20240315143526.0
008 - FIXED-LENGTH DATA ELEMENTS--GENERAL INFORMATION
fixed length control field 941207s1995 enka b 001 0 eng
010 ## - LIBRARY OF CONGRESS CONTROL NUMBER
LC control number 94047374
020 ## - INTERNATIONAL STANDARD BOOK NUMBER
International Standard Book Number 0199634106 (pbk.)
020 ## - INTERNATIONAL STANDARD BOOK NUMBER
International Standard Book Number 0199634114 (hbk.)
040 ## - CATALOGING SOURCE
Original cataloging agency DLC
Transcribing agency DDC
Modifying agency DLC
050 00 - LIBRARY OF CONGRESS CALL NUMBER
Classification number QH605
Item number .C4255 1995
082 00 - DEWEY DECIMAL CLASSIFICATION NUMBER
Classification number 571.8 CEL1995
100 ## - MAIN ENTRY--PERSONAL NAME
Personal name Edited by Hutchison, Christopher; Glover, M.David
9 (RLIN) 14475
245 00 - TITLE STATEMENT
Title Cell Cycle Control
260 ## - PUBLICATION, DISTRIBUTION, ETC. (IMPRINT)
Place of publication, distribution, etc. Oxford ;
Name of publisher, distributor, etc. IRL Press at Oxford University Press,
Date of publication, distribution, etc. c1995.
300 ## - PHYSICAL DESCRIPTION
Extent xv, 304 p. :
Other physical details ill. ;
Dimensions 25 cm.
440 #0 - SERIES STATEMENT/ADDED ENTRY--TITLE
Title Frontiers in molecular biology ;
Volume/sequential designation [10]
9 (RLIN) 14476
504 ## - BIBLIOGRAPHY, ETC. NOTE
Bibliography, etc Includes references and index.
650 #0 - SUBJECT ADDED ENTRY--TOPICAL TERM
Topical term or geographic name as entry element Cell cycle.
9 (RLIN) 14477
650 #0 - SUBJECT ADDED ENTRY--TOPICAL TERM
Topical term or geographic name as entry element Biology
9 (RLIN) 5602
856 42 - ELECTRONIC LOCATION AND ACCESS
Materials specified Publisher description
Uniform Resource Identifier <a href="http://www.loc.gov/catdir/enhancements/fy0602/94047374-d.html">http://www.loc.gov/catdir/enhancements/fy0602/94047374-d.html</a>
856 41 - ELECTRONIC LOCATION AND ACCESS
Materials specified Table of contents only
Uniform Resource Identifier <a href="http://www.loc.gov/catdir/enhancements/fy0602/94047374-t.html">http://www.loc.gov/catdir/enhancements/fy0602/94047374-t.html</a>
906 ## - LOCAL DATA ELEMENT F, LDF (RLIN)
a 7
b cbc
c orignew
d 1
e ocip
f 19
g y-gencatlg
942 ## - ADDED ENTRY ELEMENTS (KOHA)
Source of classification or shelving scheme Dewey Decimal Classification
Koha item type Open Shelf
Holdings
Withdrawn status Lost status Source of classification or shelving scheme Damaged status Not for loan Home library Current library Date acquired Source of acquisition Inventory number Total Checkouts Full call number Barcode Date last seen Koha item type
    Dewey Decimal Classification     MUST Main Library MUST Main Library 30/08/2021 Donation 04/22171   571.8 CEL1995 2021-0779 30/08/2021 Open Shelf